Landslides in practice : (Record no. 546449)
[ view plain ]
| 000 -LEADER | |
|---|---|
| fixed length control field | 00905cam a22002294a 4500 |
| 020 ## - INTERNATIONAL STANDARD BOOK NUMBER | |
| International Standard Book Number | 0471678163 (cloth) |
| 082 00 - DEWEY DECIMAL CLASSIFICATION NUMBER | |
| Classification number | 624.151363 |
| Author Mark | COR |
| -- | N-01, P-146 |
| 100 1# - MAIN ENTRY--PERSONAL NAME | |
| Personal name | Cornforth, Derek. |
| 9 (RLIN) | 42572 |
| 245 10 - TITLE STATEMENT | |
| Title | Landslides in practice : |
| Remainder of title | investigation, analysis, and remedial/preventive options in soils / |
| Statement of responsibility, etc. | Derek H. Cornforth. |
| 260 ## - PUBLICATION, DISTRIBUTION, ETC. | |
| Place of publication, distribution, etc. | Hoboken, N.J. : |
| Name of publisher, distributor, etc. | J. Wiley, |
| Date of publication, distribution, etc. | c2005. |
| 300 ## - PHYSICAL DESCRIPTION | |
| Extent | xxiii, 596 p. : |
| Other physical details | ill. ; |
| Dimensions | 29 cm. |
| 526 ## - STUDY PROGRAM INFORMATION NOTE | |
| Program name | 0 |
| Interest level | 0 |
| Reading level | 0 |
| Title point value | 624_151363000000000_COR |
| 526 ## - STUDY PROGRAM INFORMATION NOTE | |
| Program name | 0 |
| Interest level | 0 |
| Reading level | 0 |
| Title point value | 624_151363000000000_COR |
| 650 #0 - SUBJECT ADDED ENTRY--TOPICAL TERM | |
| Topical term or geographic name entry element | Landslide hazard analysis. |
| 9 (RLIN) | 42573 |
| 650 #0 - SUBJECT ADDED ENTRY--TOPICAL TERM | |
| Topical term or geographic name entry element | Landslides. |
| 9 (RLIN) | 42339 |
| 650 #0 - SUBJECT ADDED ENTRY--TOPICAL TERM | |
| Topical term or geographic name entry element | NUST |
| 9 (RLIN) | 6342 |
| 650 #0 - SUBJECT ADDED ENTRY--TOPICAL TERM | |
| Topical term or geographic name entry element | Soil mechanics. |
| 856 41 - ELECTRONIC LOCATION AND ACCESS | |
| Uniform Resource Identifier | <a href="http://www.loc.gov/catdir/toc/ecip0417/2004007921.html">http://www.loc.gov/catdir/toc/ecip0417/2004007921.html</a> |
| 856 42 - ELECTRONIC LOCATION AND ACCESS | |
| Uniform Resource Identifier | <a href="http://www.loc.gov/catdir/enhancements/fy0616/2004007921-b.html">http://www.loc.gov/catdir/enhancements/fy0616/2004007921-b.html</a> |
| 856 42 - ELECTRONIC LOCATION AND ACCESS | |
| Uniform Resource Identifier | <a href="http://www.loc.gov/catdir/enhancements/fy0616/2004007921-d.html">http://www.loc.gov/catdir/enhancements/fy0616/2004007921-d.html</a> |
| 942 ## - ADDED ENTRY ELEMENTS (KOHA) | |
| Source of classification or shelving scheme | |
| Koha item type | Book |
| Withdrawn status | Lost status | Source of classification or shelving scheme | Damaged status | Not for loan | Permanent Location | Current Location | Date acquired | Total Checkouts | Full call number | Barcode | Date last seen | Date last checked out | Price effective from | Koha item type |
|---|---|---|---|---|---|---|---|---|---|---|---|---|---|---|
| Military College of Engineering (MCE) | Military College of Engineering (MCE) | 06/12/2014 | 1 | 624.151363 COR | MCE-38200 | 11/28/2016 | 10/27/2016 | 06/12/2014 | Book | |||||
| Military College of Engineering (MCE) | Military College of Engineering (MCE) | 06/12/2014 | 624.151363 COR | MCE-45584 | 06/12/2014 | 06/12/2014 | Book |
